00000000nam 2200000za 4500
0019.846658
003CaOODSP
00520241203113640
007cr |||||||||||
008171106s1997    oncab||fo    f000 0 eng d
040 |aCaOODSP|beng
043 |an-cn-on|ae-ru---
0861 |aEn13-5/97-131E-PDF
1001 |aRodgers, George K., |d1933-
24510|aComparative description of the thermal features of Lake Ladoga and Lake Ontario with particular reference to nearshore water quality |h[electronic resource] / |cG.K. Rodgers, M.A. Naumenko and C.R. Murthy.
260 |aBurlington, Ont. : |bEnvironment Canada, Water Science and Technology Directorate,|c[1997].
300 |a71 p. : |bill., maps
4901 |aNWRI contribution ; |v97-131
500 |aDigitized edition from print [produced by Environment and Climate Change Canada].
504 |aIncludes bibliographical references.
5203 |a"Lakes Ontario and Ladoga are both large deep dimictic lakes of the north temperate zone. A descriptive comparison has permitted an overview of where there are similarities in the physical processes that could allow some economy in the research that might be undertaken in one lake to the benefit of both. In general terms, the larger scale processes, such as the annual heating cycle and general stratification, are quite similar with the exception of the degree of ice cover and its effects on mixing. Lake Ladoga has a much more extensive ice cover. Nearshore processes of flow and mixing call for the development of more site-specific coastal limnological climatology, although the general types of features that require elaboration in each area can be established ahead of time. This work has been carried out as part of the Canada/Russia Cooperative Agreement on Water Quality"--Management perspective.
69207|2gccst|aLakes
69207|2gccst|aHydrography
7001 |aNaumenko, M. A.
7001 |aRajasekara Murthy, C.‏.
7101 |aCanada. |bEnvironment Canada.
7102 |aNational Water Research Institute (Canada)
830#0|aNWRI contribution ;|vno. 97-131|w(CaOODSP)9.844121
85640|qPDF|s2.63 MB|uhttps://publications.gc.ca/collections/collection_2017/eccc/En13-5-97-131-eng.pdf